Titres de l'album "Si on sombre ce sera beau" de Solann - Statistiques

Statistiques générales
  • Ce quiz a été pris 35 fois
  • Le résultat moyen est 10 sur 13
Statistiques - réponses
Hint Réponse % Correct
6 Les ogres
97%
4 Rome
97%
9 Les draps
90%
8 Appelle-moi sorcière
83%
7 Comme les animaux
83%
3 Insomnie
76%
13 Marcher droit
76%
10 Petit Corps
76%
11 Tout cramer
76%
2 Mayrig
72%
1 Préambule
69%
12 L'oiseau
66%
5 Noctambule
66%
Aucun quiz correspondant
Distribution des résultats
% des personnes avec chaque résultat
Percentile par nombre de réponses
Votre historique - résultats
Vous n’avez pas pris ce quiz